[Event "Bonn GSK"]
[Site "Bonn"]
[Date "1996.??.??"]
[Round "?"]
[White "Kengis, Edvins"]
[Black "Ruzele, Darius"]
[Result "0-1"]
[WhiteElo "2560"]
[BlackElo "2520"]
[Annotator "Ribli,Z"]
[PlyCount "104"]
[EventDate "1996.08.??"]
[EventType "tourn"]
[EventRounds "12"]
[EventCountry "GER"]
[EventCategory "12"]
[SourceTitle "CBM 056"]
[Source "ChessBase"]
[SourceDate "1997.02.01"]
[SourceVersion "1"]
[SourceVersionDate "1997.02.01"]
[SourceQuality "1"]

1. e4 c5 2. Nf3 e6 3. c4 Nc6 4. Be2 Nf6 5. Nc3 a6 6. O-O Qc7 7. d3 $6 {Weiß
spielt einen originellen Plan. 7.d4 führt in sizilianische Gefilde.Ribli.} Bd6
$5 8. h3 b6 9. Be3 Bb7 10. Rc1 (10. d4 cxd4 11. Nxd4 Bh2+ 12. Kh1 Bf4 $10)
10... O-O 11. a3 Rab8 (11... Ne5 12. Nxe5 Bxe5 13. f4) 12. b4 cxb4 (12... Bf4
13. Bxf4 Qxf4 14. Na4 cxb4 15. axb4 Nxb4 16. Rb1 (16. Nxb6 Bxe4)) 13. axb4 Bxb4
(13... Nxb4 14. Na4 Bc6 15. Nxb6 Rxb6 16. c5 $36) 14. Qb3 (14. Nb5 Qd8) (14.
Nd5 exd5 15. cxd5 b5) 14... a5 (14... Bxc3 15. Bxb6 Ba8 16. Qxc3) 15. Nb5 Qd8
16. e5 $44 Ne8 17. d4 d6 (17... Ne7 $5) 18. Rfd1 Qe7 19. Bg5 f6 20. exf6 Nxf6 (
20... gxf6 21. Bh6 $36 Rf7 22. Nh4) 21. Bd3 Kh8 22. Qc2 (22. Bb1 $5 {Ich denke,
dieser Läuferzug bietet gute Angriffchancen für Weiß, und später kann er
möglicherweise Qc2 oder Qd3 spielen.Ribli.}) 22... Qf7 23. Bf4 Rbd8 24. Ng5 Qg8
25. Be3 h6 (25... Rde8 26. Nc7 Re7 27. Ncxe6 Rxe6 28. Nxe6 Qxe6 29. d5) 26.
Nxe6 (26. Nf3 Ne7) 26... Qxe6 27. d5 Qc8 28. Bf5 Nd7 (28... Qb8 29. dxc6 Bxc6
30. Nd4) 29. c5 {Sehr schöner Zug, aber das Schöne ist nicht immer das
Effektivste.Ribli.} Bxc5 (29... Rxf5 30. Nxd6) (29... bxc5 30. Nxd6 Qc7 31.
Nxb7 Qxb7 32. dxc6 Qxc6 33. Be4 $44) (29... dxc5) 30. Nxd6 Nb4 $5 (30... Bxd6
31. dxc6 Bxc6 (31... Qxc6 32. Qxc6 Bxc6 33. Rxc6 Rxf5 34. Rcxd6 Rf7 35. Bxb6
Rb8 36. Bxa5 $16) 32. Rxd6) 31. Qb2 Qb8 32. Bxh6 Rf6 (32... Nf6) 33. Nxb7 Qxb7
34. Bxg7+ (34. Bg5 Rxf5 35. Bxd8 Rxf2) 34... Kxg7 35. Rc4 {VERTEIDIGUNG} Rdf8
$17 {Nach spannenden Verwicklungen verteidigt sich Schwarz gut, und die weiße
Initiative für zwei geopferte Figuren ist nicht ausreichend. Ribli.} 36. Rg4+
Kf7 37. Qe2 Nxd5 38. Re1 Ne3 $1 $19 {Schwarz gibt eine Figur zurück, aber sein
König bekommt Sicherheit auf der e-Linie. Ribli.} (38... Rxf5 $4 39. Qe6#) (
38... Qc6 39. Rg5 $40) 39. Be4 Qc7 40. fxe3 Ke8 41. Rg7 Qe5 {Schwarz
organisiert seine Verteidigung auf den dunklen Feldern. Der Materialvorteil
entscheidet die Partie.Ribli.} 42. Rg4 Qc3 43. Bf3 Re6 44. Kh1 Kd8 45. Rf1 Bd6
46. Rd1 Rxe3 47. Qf2 Qe5 {Jetzt ist schon offensichtlich, daß Schwarz den
weißen Angriff zurückgeschlagen hat. In dieser Stellung hat bereits Schwarz
die Initiative übernommen.Ribli.} 48. Qg1 Kc7 49. Rgd4 Rf6 50. Rd5 Qe7 51. Bg4
Nc5 52. Bf5 Re5 {Weiß gab auf.Ribli.} 0-1

[Event "Riga zt"]
[Site "Riga"]
[Date "1995.??.??"]
[Round "8"]
[White "Piesina, Gintautas"]
[Black "Rytshagov, Mikhail"]
[Result "1-0"]
[WhiteElo "2400"]
[BlackElo "2485"]
[Annotator "Ribli,Z"]
[PlyCount "79"]
[EventDate "1995.03.??"]
[EventType "tourn"]
[EventRounds "13"]
[EventCountry "LAT"]
[EventCategory "10"]
[SourceTitle "CBM 047"]
[Source "ChessBase"]
[SourceDate "1995.08.01"]
[SourceVersion "1"]
[SourceVersionDate "1995.08.01"]
[SourceQuality "1"]

1. Nf3 Nf6 2. c4 c5 3. Nc3 d5 4. cxd5 Nxd5 5. g3 Nc6 6. Bg2 g6 {Man spielt
oefter 6...Nc7.} 7. O-O Bg7 8. Ng5 {Dieser Zug gibt keinen Vorteil fuer den
Anziehenden.} (8. Nxd5 $5 Qxd5 9. d3 Qd6 (9... O-O 10. Be3 {-> A38}) 10. Nd2 (
10. Be3 $5) 10... b6 11. Nc4 Qd7 $10 {Krasenkov,M-Andersson,U/Malmo/1994/CBM42/
INF61,40/}) 8... e6 9. Nge4 b6 10. Qa4 $6 {Dieser Zug hat keinen guten Ruf.} (
10. d3 O-O 11. Bg5 $13 {Smyslov,V-Miles,A/Tilburg/1977/INF24,82/}) 10... Bd7
11. Nd6+ {Diese Neuerung gibt fuer Weiss gar nichts.} (11. Nxd5 exd5 12. Nc3
Ne7 $15 {Browne,W-Miles,A/Lanzarote/1977/INF24,(82)/}) 11... Ke7 12. Nde4 Nd4
13. Qd1 Bc6 $13 {Schwarze Leichtfiguren postieren sehr gut, waehrend sein
Koenig noch einige Zuege in Sicherheit zu gehen braucht, deswegen sind die
Chancen ungefaehr gleich.} 14. d3 (14. b3 f5 15. Nxd5+ Bxd5 16. Nc3 Bxg2 17.
Kxg2 Kf7 18. Bb2 Qd7 $15) 14... h6 {Wieder droht /\ f5.} 15. e3 Nf5 16. a3 Qd7
17. Qc2 Rhd8 18. Rd1 {Droht /\ Nc3,Qd3.} Kf8 $1 19. Bd2 Rac8 20. Rab1 $6 {
Weiss will einmal b4 spielen, aber diese Idee ist unrealistisch.} (20. Rac1 $5)
20... Qb7 21. Bf1 $6 {Der Anziehenede deckt den d3-Bauern, viel wichtiger
waere den e4-Springer zu unterstuetzen und den Laeufer in g2 zu halten.} (21.
Rbc1 $5) 21... Nxc3 22. Bxc3 Bxc3 23. bxc3 $2 {[#]} (23. Nxc3 $15) (23. Qxc3
Bxe4 24. dxe4 Qxe4 25. Qf6 Ne7 $17) 23... c4 $1 {Dieser kraftvolle Zug
zerschlaegt die weisse Bauernstruktur.} 24. Qb2 $2 {Nur Tempoverlust.} (24. Nd2
cxd3 25. Bxd3 $15) 24... Qe7 $1 {Der einfachste Weg zum Vorteil zu kommen.} (
24... cxd3 $5 25. Nf6 (25. Nc5 bxc5 26. Qxb7 Bxb7 27. Rxb7 Nd6 28. Rxa7 c4 $19
{Mit der Drohung /\ Nb5 oder Ne4.}) 25... Qe7 26. c4 e5 $17) 25. Qc2 cxd3 26.
Bxd3 Qxa3 27. Ra1 Qe7 28. c4 Bxe4 29. Bxe4 Rxd1+ 30. Rxd1 Nd6 31. Qc3 Kg8 32.
Qa3 Rc5 33. Bd3 Qc7 34. Qa4 Kg7 (34... Nxc4 $2 35. Bxc4 Rxc4 36. Qe8+ Kg7 37.
Rd7 (37. Rd8 Rc1+ 38. Kg2 Qc6+ $19) 37... Rc1+ 38. Kg2 Qc6+ 39. Kh3 Qf3 40. Rd8
Qf5+ 41. Kg2 Qe4+ 42. Kh3 Qf5+ $10) 35. Qa1+ e5 36. f4 Nxc4 (36... Qe7 $1) 37.
Bxc4 Rxc4 38. fxe5 Rc3 $2 {Zeitnot!} (38... Kh7 $1 {Mit guten Gewinnchancen.})
39. e6 $1 b5 $2 (39... fxe6 $2 40. Rc1 $18) (39... Qe5 $17) 40. e7 {Ribli} 1-0

[Event "Ptuj zt"]
[Site "Ptuj"]
[Date "1995.??.??"]
[Round "5"]
[White "Zueger, Beat"]
[Black "Grosar, Aljosa"]
[Result "1-0"]
[WhiteElo "2480"]
[BlackElo "2475"]
[Annotator "Ribli,Z"]
[PlyCount "80"]
[EventDate "1995.04.??"]
[EventType "tourn"]
[EventRounds "15"]
[EventCountry "SLO"]
[EventCategory "10"]
[SourceTitle "CBM 047"]
[Source "ChessBase"]
[SourceDate "1995.08.01"]
[SourceVersion "1"]
[SourceVersionDate "1995.08.01"]
[SourceQuality "1"]

1. c4 Nf6 2. Nf3 c5 3. Nc3 d5 4. cxd5 Nxd5 5. d4 cxd4 $6 {Ich finde diesem Zug
nicht gut. Nach der Eroeffnung muss der Nachziehende im- mer zum Remis
kaempfen, und er hat fast nie eine realistische Gewinnmoeglich- keit.} (5...
Nxc3 $5 6. bxc3 g6 7. e4 Bg7 {-> D85}) (5... e6 $5 {-> D41,D42}) 6. Qxd4 Nxc3
7. Qxc3 Nc6 8. e4 e6 (8... Bg4 9. Bb5 Rc8 10. Be3 a6 11. Rd1 Qc7 12. Ba4 b5 13.
Bb3 e6 14. O-O Bxf3 15. gxf3 Bd6 16. Qxg7 $16 {Topalov,V-Beliavsky,A/Linares/
1994/CBM40/INF60,44/}) 9. Bb5 (9. Bd2 {Dieser Zug ist auch interessant.} Qb6
10. Be2 Bc5 11. Qxg7 Bxf2+ 12. Kf1 Rf8 13. Bh6 Bc5 14. Rd1 $36 {Shabtai,
R-Stein,B/Copenhagen/1995/EXP45/}) 9... Bd7 10. O-O Qb6 11. a4 Qc5 12. Qd3 (12.
Bd2 $5 Qxc3 13. Bxc3 a6 14. Be2 Rg8 15. Rfd1 Rd8 16. Rac1 $14 {Weisse Figuren
stehen aktiver. Hjartarson,J-Hansen,LB/Reykjavik zt-plof/CBM47/}) 12... Qd6 13.
Qc2 $5 {Der erste neue Zug.} (13. Qe2 Be7 (13... a6 $5) 14. Bd2 a6 15. e5 Qc7
16. Bd3 Nb4 17. Rfc1 Bc6 18. Bxb4 Bxb4 19. Nd4 Qb6 20. Nxc6 bxc6 21. Qe4 $14 {
Weiss hat einen klaren Vorteil (die a6-und c6-Bauern sind schwach). Damljano-
vic,B-Grosar,A/Vidmar-mem/1989/CBM14/ 21... Rc8 22.Ba6! +/-}) 13... a6 (13...
Qc5 14. Qe2 $14) 14. Rd1 Qc7 (14... Qc5 $6 15. Qd3 $1 {Natuerlich nicht 15.
Qc5?! Bc5 = und Schwarz steht nicht schlechter.} Rd8 16. Bxc6 $1 Qxc6 17. Ne5
$16 {Schwarz befindet sich in grosser Not.}) 15. Be3 Be7 (15... axb5 16. axb5
Rxa1 17. Rxa1 Be7 18. Ra8+ Bd8 19. Qc5 $14 {Weiss gewinnt die geopferten Figur
mit Vorteil zurueck.}) 16. Bf1 Rc8 (16... O-O 17. a5 $1 $14 {Droht /\ Bb6 mit
Raumgewinn.}) 17. Rac1 Qa5 (17... O-O 18. a5 $1 $36 {Schwarz darf 18...Qa5?
wegen Rd7 nicht spielen.}) 18. Nd2 $1 {Das sieht fuer Schwarz in der Tat
schlimm aus.} Nd8 (18... Nb4 $2 19. Qxc8+ Bxc8 20. Rxc8+ Bd8 21. Nc4 $18) (
18... Ne5 $2 19. Qxc8+ Bxc8 20. Rxc8+ Bd8 21. Nb3 $18) (18... Na7 $2 19. Nc4
Qxa4 20. Bxa7 $18) 19. Nc4 Qc7 (19... Qxa4 20. b3 Qc6 21. Qd2 $18 {Schwarz ist
hilflos, droht Ne5 und Nb6.}) 20. Qd2 Bxa4 (20... Bc6 21. Bf4 Qd7 22. Qxd7+
Bxd7 23. Rxd7 $1 Rxc4 (23... Kxd7 24. Nb6+ $18) 24. Rxe7+ Kxe7 25. Bxc4 $18)
21. Bf4 Qc6 (21... Qd7 22. Qxd7+ Bxd7 23. Rxd7 Rxc4 (23... Kxd7 24. Nb6+ $18)
24. Rxe7+ Kxe7 25. Bxc4 $18) 22. Ne5 $1 {Jetzt verliert der Nachziehende eine
Figur.} Qd6 23. Qxd6 Bxd6 24. Rxd6 Rxc1 25. Bxc1 $18 Ke7 26. Rd4 Be8 27. Bd2
Nc6 28. Nxc6+ Bxc6 29. Bb4+ Kf6 30. f3 h5 31. h4 Rc8 32. Kf2 g5 33. hxg5+ Kxg5
34. Rd8 $1 Rxd8 35. Be7+ Kg6 36. Bxd8 f5 37. exf5+ exf5 38. Ke3 Ba4 39. Bd3 Bd7
40. Kf4 Be6 {Ribli} (40... Be6 41. g4 $18) 1-0

[Event "Altensteig"]
[Site "Altensteig"]
[Date "1992.??.??"]
[Round "9"]
[White "Schlosser, Philipp"]
[Black "Gabriel, Christian"]
[Result "1/2-1/2"]
[WhiteElo "2500"]
[BlackElo "2490"]
[Annotator "Ribli,Z"]
[PlyCount "50"]
[EventDate "1992.07.??"]
[EventType "tourn"]
[EventRounds "11"]
[EventCountry "GER"]
[EventCategory "11"]
[SourceTitle "CBM 031"]
[Source "ChessBase"]
[SourceDate "1992.12.01"]
[SourceVersion "1"]
[SourceVersionDate "1992.12.01"]
[SourceQuality "1"]

1. c4 Nf6 2. Nf3 c5 3. Nc3 d5 4. cxd5 Nxd5 5. d4 Nxc3 6. bxc3 g6 7. e3 Bg7 8.
Bb5+ Nd7 9. O-O O-O 10. a4 (10. Ba3 b6 11. Qb3 Qc7 12. Rfd1 Nf6 (12... a6 $5)
13. Be2 Bb7 14. d5 Nxd5 $6 15. Rxd5 Bxd5 16. Qxd5 Bxc3 17. Rc1 Bf6 18. h4 $14 {
Chekhov,V-Lputian,S URS-ch58 1991 CBM/27}) 10... Qc7 11. e4 (11. Ba3 b6 12. e4
Nf6 13. Re1 Rd8 14. Bd3 Bb7 15. Qd2 e6 $10 {Kortschnoj,V-Kamsky,G Tilburg 1991
CBM/26 53/53}) 11... Rd8 12. h3 (12. Ba3 Nf6 13. Qe1 b6 14. Rd1 a6 15. Bd3 Bg4
$10 {Kortschnoj,V-Sax,G Wijk 1992 CBM/28 53/(53)}) 12... b6 13. Qe2 Bb7 14. Bg5
Nf8 $5 15. Rac1 Rac8 16. d5 c4 17. Nd2 $6 (17. Nd4 $5) 17... h6 18. Be3 e6 $1
19. dxe6 Nxe6 20. Nxc4 (20. Bxc4 $2 Rxd2 $19) 20... Nc5 $44 21. Nd2 Qe7 (21...
a6 $5) 22. Rfd1 Nxe4 23. Nxe4 Qxe4 24. Rxd8+ Rxd8 25. Qg4 Qxg4 1/2-1/2

[Event "Biel"]
[Site "Biel"]
[Date "1992.??.??"]
[Round "2"]
[White "Hansen, Curt"]
[Black "Beliavsky, Alexander G"]
[Result "1/2-1/2"]
[WhiteElo "2635"]
[BlackElo "2595"]
[Annotator "Ribli,Z"]
[PlyCount "126"]
[EventDate "1992.07.??"]
[EventType "tourn"]
[EventRounds "14"]
[EventCountry "SUI"]
[EventCategory "16"]
[SourceTitle "CBM 031"]
[Source "ChessBase"]
[SourceDate "1992.12.01"]
[SourceVersion "1"]
[SourceVersionDate "1992.12.01"]
[SourceQuality "1"]

1. c4 Nf6 2. Nc3 c5 3. Nf3 d5 4. cxd5 Nxd5 5. g3 Nc6 6. Bg2 Nc7 7. O-O (7. a3
$5) 7... e5 8. a3 $5 Rb8 (8... Qd7 $5 9. Rb1 f6 10. d3 Be7 11. Bd2 Rb8 12. Qc2
b6 13. Rfc1 Bb7 14. Ne4 Nd5 15. Qc4 Nd4 $10 {Smyslov,V-Kortschnoj,V URS-ch 1967
}) 9. d3 (9. b4 cxb4 10. axb4 Bxb4 11. Nxe5 $2 Nxe5 12. Qa4+ Nc6 13. Bxc6+ bxc6
$19) 9... Be7 10. Rb1 Bd7 11. Bd2 a5 (11... O-O 12. b4 cxb4 13. axb4 Bxb4 14.
Nxe5 $16) 12. Ne4 O-O 13. Bc3 f6 14. a4 Be6 15. b3 Nd5 16. Rc1 b6 17. Ned2 Qd7
18. Nc4 $10 Rfd8 19. Bb2 Bf8 20. Nfd2 Kh8 21. Ne4 Qf7 22. h3 Qh5 23. Kh2 Nd4
24. Bxd4 cxd4 25. e3 Qxd1 26. Rfxd1 Nb4 $15 27. Bf1 Be7 28. g4 Kg8 29. Ng3 dxe3
30. fxe3 Bc5 31. Nf5 g6 32. d4 Bf8 33. Ng3 exd4 34. exd4 Bh6 35. Rc3 Bf4 36.
Kg1 Rd7 37. Ne4 Nd5 38. Rf3 Kg7 39. Re1 Bf7 40. Nc3 Bg5 41. Nb5 Nb4 42. Bg2 Nc2
43. Rd1 Bxc4 44. bxc4 Ne3 45. Re1 Nxc4 46. Re6 Rbd8 47. Rc3 Nd6 48. Nxd6 Rxd6
49. Re7+ Kh6 50. Rcc7 Rh8 51. d5 f5 52. Re6 Bf4 53. Rf7 Kg5 54. gxf5 gxf5 55.
Kf2 h5 56. Bf3 Rxe6 57. dxe6 Re8 58. h4+ Kg6 59. Bd5 Bd6 60. Bc4 Re7 61. Kf3
Re8 62. Bd3 Rxe6 63. Rxf5 Rf6 1/2-1/2

[Event "Bayamo"]
[Site "Bayamo"]
[Date "1990.??.??"]
[Round "5"]
[White "Verduga Zavala, Denis"]
[Black "Herrera, Irisberto"]
[Result "0-1"]
[WhiteElo "2405"]
[BlackElo "2410"]
[Annotator "Ribli,Z"]
[PlyCount "116"]
[EventDate "1990.04.??"]
[EventType "tourn"]
[EventRounds "13"]
[EventCountry "CUB"]
[EventCategory "8"]
[SourceTitle "CBM 018"]
[Source "ChessBase"]
[SourceDate "1990.10.01"]
[SourceVersion "1"]
[SourceVersionDate "1990.10.01"]
[SourceQuality "1"]

1. c4 Nf6 2. Nc3 c5 3. g3 d5 4. cxd5 Nxd5 5. Bg2 Nc7 6. d3 {6.b3, e5 7.Bb2,
Be7 Bischoff,K-Lobron,E Bern zt 1990 CBM/17} e5 7. f4 {7.Nh3, Be7 8.f4, exf4 9.
Nxf4, 0-0 10.0-0, Nc6 11.Kh1, Bd7  Wellin-Gurevich,M Saltjöbaden 1987/88 i 45/
48} exf4 8. Bxf4 Ne6 9. Nf3 {9.Nh3, Be7 10.Nd5, 0-0 11.Bd2, Nc6 12.Bc3, Ned4
13.Nhf4, Bg5 14.0-0, Re8 15.e3 +/= Ferrera-Dorfman Cienfuegos 1977} Nc6 10. O-O
Be7 11. Qd2 O-O 12. Kh1 Nxf4 13. gxf4 Rb8 14. Ng5 Nd4 15. e3 Nf5 {15...Bxg5 16.
fxg5, Qxg5 17.Ne4, Qh6 [] 18.Nxc5} 16. Nf3 Nh4 $1 17. Nxh4 Bxh4 18. f5 b5 $1
19. Ne4 c4 $1 20. dxc4 {20.d4!?} Qxd2 21. Nxd2 Rd8 22. Rad1 {22.Nf3, Bf6 >< b2}
bxc4 23. Nxc4 Rxd1 24. Rxd1 Bxf5 {=/+} 25. b3 h6 26. Kg1 Bg5 27. Kf2 Be6 28.
Ne5 Rc8 29. Nf3 Bf6 30. Rd2 Rc1 31. Nd4 Bg4 32. Bf3 Bh3 33. Rc2 Bh4+ 34. Ke2
Rxc2+ 35. Nxc2 Kf8 36. Nd4 Bc8 37. Bd5 Bd8 38. Nb5 Bb6 39. Nd6 Bg4+ 40. Kd3 f6
41. b4 Ke7 42. Nb5 g5 43. a4 Bf5+ 44. Be4 Bd7 45. Nc3 Ke6 46. a5 Bd8 47. Kc4 f5
48. Bb7 Bf6 49. Nb5 Bxb5+ 50. Kxb5 Bc3 51. Kc4 Bd2 52. e4 f4 53. a6 Ke5 54. b5
Ba5 55. Kd3 g4 56. Bc8 h5 57. h3 g3 58. Ke2 g2 0-1

[Event "Riga zt"]
[Site "Riga"]
[Date "1995.??.??"]
[Round "1"]
[White "Fridman, Daniel"]
[Black "Rytshagov, Mikhail"]
[Result "1-0"]
[WhiteElo "2440"]
[BlackElo "2485"]
[Annotator "Ribli,Z"]
[PlyCount "103"]
[EventDate "1995.03.??"]
[EventType "tourn"]
[EventRounds "13"]
[EventCountry "LAT"]
[EventCategory "10"]
[SourceTitle "CBM 047"]
[Source "ChessBase"]
[SourceDate "1995.08.01"]
[SourceVersion "1"]
[SourceVersionDate "1995.08.01"]
[SourceQuality "1"]

1. Nf3 c5 2. c4 Nf6 3. Nc3 d5 4. cxd5 Nxd5 5. g3 g6 6. Bg2 Bg7 7. O-O O-O 8.
Ng5 {Man spielt diesen Zug nur sehr selten.} (8. d3 $5 Nxc3 9. bxc3 Bxc3 10.
Bh6 Bg7 11. Bxg7 Kxg7 12. Qa4 $44 {Arakelian,E-Belitsky,A/Kstovo op/1994/EXP42/
}) (8. Nxd5 Qxd5 9. d3 Nc6 $1 {-> A38}) 8... Nc7 $6 (8... Nb6 9. d3 Nc6 10. Rb1
(10. Be3 c4 $13) 10... Bf5 11. h3 Rc8 12. Be3 h6 13. Nge4 Nd4 14. b3 Qd7 $10 {
Taimanov,M-Razuvaev,Y/USSR/1974/}) 9. d3 Nd7 10. Be3 e5 $6 {Schwarz will jetzt
d4 verhindern, aber jetz hat er Probleme mit dem c5-Bauern und auch mit den
weissen Feldern.} (10... Rb8 $5) 11. Qb3 Rb8 12. Nge4 Ne6 13. Qa3 Qb6 {Nur so
konnte der Nachziehende beide Bauern (c5 und a7) verteidigen.} 14. Nd5 $1 Qa6
15. Qxa6 bxa6 16. Ne7+ Kh8 17. Nd6 Nb6 18. Nc6 Ra8 19. Ne7 {Weiss will nur
Bedenkzeit sparen und nicht remisieren.} Rb8 20. Nc6 Ra8 21. Nxc8 Raxc8 (21...
Rfxc8 $2 22. Ne7 $18) (21... Nxc8 22. Nxe5 $18) 22. Nxa7 Rc7 23. Nc6 Nd4 $6 (
23... Rfc8 $5 24. Na5 Nd4 25. Bxd4 cxd4 $14 {Schwarz hat wegen der
ungleichfarbigen Laeufer bessere Rettungchancen als die Partie.}) 24. Nxd4 cxd4
{[#]} 25. Rfc1 $1 {Mit diesem starken Zwischenzug hat Schwarz wahrscheinlich
nicht gerechnet.} Rxc1+ 26. Bxc1 Rc8 {Weiss hat einen Bauern mehr und ein
Laeuferpaar, und er muss noch zum Sieg die schwaze Aktivitaet auf der c-Linie
abwehren.} 27. Kf1 $1 Rc7 (27... Rc2 28. Ke1 Na4 29. Kd1 $18) 28. Ke1 Bf8 29.
Kd1 Na4 30. Bd5 $1 f5 31. Bb3 $1 {Weiss wird den Springer vertreiben.} Nc5 32.
Bc4 Bd6 33. b3 Kg7 34. Bd2 Kf6 35. a4 {Droht /\ b4 und den a6-Bauern zu
gewinnen.} Ra7 36. Ba5 Nd7 37. Rc1 Ke7 38. Bd5 {Schwarz ist fast im Zugzwang.}
Bc5 (38... Nf6 39. Bb6 Rd7 40. Bc6 $18) 39. Bg8 $1 {Der Anziehende gewinnt
noch mindestens einen Bauern.} h6 40. Rxc5 $1 Nxc5 41. Bb6 Ra8 42. Bxc5+ Kd7
43. Bd5 Rc8 44. b4 a5 45. Bc4 axb4 46. Bxb4 Kc6 47. Kc2 g5 48. Be6 Ra8 49. Kb3
f4 50. Bf5 Rd8 51. g4 Kb6 52. f3 1-0

[Event "Bonn GSK"]
[Site "Bonn"]
[Date "1996.??.??"]
[Round "?"]
[White "Kveinys, Aloyzas"]
[Black "Miezis, Normunds"]
[Result "1-0"]
[WhiteElo "2530"]
[BlackElo "2530"]
[Annotator "Ribli,Z"]
[PlyCount "103"]
[EventDate "1996.08.??"]
[EventType "tourn"]
[EventRounds "12"]
[EventCountry "GER"]
[EventCategory "12"]
[SourceTitle "CBM 056"]
[Source "ChessBase"]
[SourceDate "1997.02.01"]
[SourceVersion "1"]
[SourceVersionDate "1997.02.01"]
[SourceQuality "1"]

1. Nf3 c5 2. c4 Nf6 3. Nc3 d5 4. cxd5 Nxd5 5. g3 Nc6 6. Bg2 Nb6 $6 {6...Nc7
führt zur sogenannten Rubinstein-Variante. Der alte Ausspruch: "Der Springer
steht immer schlecht auf b6" besitzt in dieser Stellung Gültigkeit. Ribli.} 7.
O-O e5 8. d3 (8. b3 $5 Be7 9. Bb2 Be6 10. Rc1 O-O 11. d3 Rc8 12. Nd2 Nd5 13.
Nxd5 Bxd5 14. Bh3 Rc7 15. e4 Be6 16. Bxe6 fxe6 17. Qg4 Rf6 18. Nc4 $14 {
Georgiev,Ki-Granda Zuniga,J/Elenite/1993/CBM38/}) 8... Be7 9. Be3 {Dieser
sofortige Angriff gegen den Bauer c5 ist die beste Möglichkeit für Weiß.Ribli.}
O-O (9... f6 10. Rc1 Nd4 11. Ne4 Nd7 12. b4 $36 {Ribli.}) 10. Rc1 Be6 11. Ne4
c4 {Erzwungen. Nach darauffolgendem Tausch steht Schwarz schlechter, ohne
jegliches Gegenspiel.Ribli.} 12. Nc5 Bxc5 13. Bxc5 Re8 14. dxc4 Nxc4 15. Qxd8
$1 $146 {[#]} (15. b3 Qa5 $1 16. bxc4 Qxc5 17. Ng5 Bf5 18. Ne4 Bxe4 19. Bxe4
Rad8 20. Qc2 g6 21. e3 Re7 22. Rfd1 Red7 23. Rd5 $36 {Bukal,V-Partos,C/Roma-B/
1988/}) 15... Raxd8 16. b3 Nb6 (16... Nd2 17. Rfd1 Nxf3+ 18. Bxf3 {Und Schwarz
hat große Schwierigkeiten.Ribli.}) 17. Rfd1 f6 18. Nd2 $1 {Nach 17...f6 hat
der weiße Springer auf f3 keine Zukunft mehr, jetzt zielt er nach d6 und
öffnet gleichzeitig die Diagonale für den Läufer.Ribli.} Nd4 19. Kf1 (19. Bxd4
Rxd4 20. Bxb7 $2 Red8 $19 {Ribli.}) 19... Bg4 20. Bxd4 exd4 (20... Rxd4 21.
Bxb7 Red8 22. Ke1 {Ribli.}) 21. Nf3 d3 {Für den Bauern bekommt Schwarz etwas
Aktivität, aber das ist nicht genug.Ribli.} (21... Bxf3 22. Bxf3 Re7 23. Rd3
$16 {Ribli.}) 22. Rxd3 Rxd3 23. exd3 Nd5 24. Ne1 Nb4 25. a3 Be2+ 26. Kg1 Nxd3
27. Nxd3 Bxd3 28. Bxb7 {Der weiße Mehrbauer garantiert den Sieg für Weiß.Ribli.
} Kf7 $6 (28... Re5 $1 {Das ist ein besserer Verteidigungszug für Schwarz.
Ribli.}) 29. Rc7+ Kg6 (29... Re7 30. Bd5+ Ke8 31. Rxe7+ Kxe7 {Und das
Läuferendspiel ist leicht gewonnen für Weiß.Ribli.}) 30. Bd5 Re1+ 31. Kg2 Rd1
32. Kf3 Bf1 33. Be4+ Kh6 34. Rxa7 $18 g6 35. Rc7 f5 36. Bc2 Re1 37. h4 {
Schwarz hat keine realen Gegenchancen.Ribli.} Bh3 38. Kf4 Rf1 39. Ke3 Bg4 40.
a4 Re1+ 41. Kd4 Re2 42. f4 Rd2+ 43. Bd3 Bd1 (43... Be2 44. Rc3 {Ribli.}) 44.
Rc3 {In dieser Stellung kann Schwarz ruhig aufgeben.Ribli.} Kh5 45. a5 Kg4 46.
Kc5 Bf3 47. Bb5 Rd8 48. Rxf3 $1 {Der einfachste Weg zum Sieg.Ribli.} Kxf3 49.
a6 Kxg3 50. Bc6 Kxf4 51. a7 h6 52. b4 {Ribli} 1-0